00960nam a2200253 a 450000100100000000500170001000800410002702000150006804000250008304100380010808200170014610000260016324000360018924500790022526000410030430000280034553400890037365000330046265000310049570000330052604900090055995201210056899900170068900001935520250522113520.0100625s1976 flu 000 0 spa d a082970499x aDO-SdBNPbspacBNPHU17aspaheng2Código de idioma MARC a155.4bD635a1 aDobson, James,94159110aDare to discipline.lEspañol.10aAtrévete a disciplinar /cJames Dobson ; traducción de Edwin Sipowicz. aDeerfield, Florida ; :bVida,c1976. a223 p. :bil. ;c18 cm. pTítulo original en inglés:tDare to discipline.cTyndale House Publishing, 1970. 0aPsicología infantil 92718 0aDesarrollo infantil 927171 aSipowicz, Edwin,etr.941592 aBNGR 001054708MOaGRbGRcCTd2010-06-25iLF1l0o155.4 D635ap19355-10r2020-06-25w2020-06-25y4ZPréstamo en sala c18872d18872